| 000 | 00549nam a22001937a 4500 | ||
|---|---|---|---|
| 003 | dpl | ||
| 005 | 20180824173023.0 | ||
| 008 | 180824b xxu||||| |||| 00| 0 eng d | ||
| 020 |
_a9780070599628 _c0.00 |
||
| 035 | _aB-189807 | ||
| 040 |
_aDPL _bEN _c0 |
||
| 082 | _a003 | ||
| 100 | _aSivarethinamohan, R | ||
| 245 |
_aOperation Research/ _cby R Sivarethinamohan |
||
| 260 |
_aNew Delhi _bTata Mac-graw Hill Publishing Company Ltd. _c2005 |
||
| 300 |
_a596p; _c23cm. |
||
| 500 | _aincludes index | ||
| 942 |
_2ddc _cEN _h003 _mSIV |
||
| 999 |
_c156302 _d156302 |
||